00770nam 22001573 4500001000700000100004100007200016400048210003200212215004100244300019800285675002500483675001900508700003800527801001800565830002900583202820 a20260701d u||y0pory50 ba aAspects of time, place and thematic content in the prose fiction of José Rodrigues Miguéis as indications of yhe artist's WeltansichtfJohn Austin Kerr, Jr aWisconsincUniversityd1970 a2 vols (1046 p.)cencadernadod28 cm aA thesis present to the Graduate School of the University of Wisconsin in partial fulfillment of the requirements for the degree of Doctor of Philosophy Contém dedicatória na folha de rosto a821.111(73)vUSzeng a82.09vUszeng aKerr, Jr.bJohn Austinf1934-2025 aPTbBMMNgRPC cAna FalardofAna Falardo